Reducing Rural Poverty in Asia : (Record no. 585985)

000 -LEADER
fixed length control field 01083cam a22002774a 4500
020 ## - INTERNATIONAL STANDARD BOOK NUMBER
International Standard Book Number 1560223006
020 ## - INTERNATIONAL STANDARD BOOK NUMBER
International Standard Book Number 1560223014
020 ## - INTERNATIONAL STANDARD BOOK NUMBER
International Standard Book Number 9781560223009
020 ## - INTERNATIONAL STANDARD BOOK NUMBER
International Standard Book Number 9781560223016
082 00 - DEWEY DECIMAL CLASSIFICATION NUMBER
Classification number 339.46/095091734
100 1# - MAIN ENTRY--PERSONAL NAME
Personal name Islam, Nurul,
Dates associated with a name 1929-
245 10 - TITLE STATEMENT
Title Reducing Rural Poverty in Asia :
Remainder of title challenges and opportunities for microenterprises and public employment schemes /
Statement of responsibility, etc. Nurul Islam.
260 ## - PUBLICATION, DISTRIBUTION, ETC.
Place of publication, distribution, etc. New York :
Name of publisher, distributor, etc. Food Products Press,
Date of publication, distribution, etc. c2006.
300 ## - PHYSICAL DESCRIPTION
Extent xxiv, 374 p. :
Other physical details ill. ;
Dimensions 22 cm.
504 ## - BIBLIOGRAPHY, ETC. NOTE
Bibliography, etc. note Includes bibliographical references (p. 343-354) and index.
650 #0 - SUBJECT ADDED ENTRY--TOPICAL TERM
Topical term or geographic name entry element Poverty
650 #0 - SUBJECT ADDED ENTRY--TOPICAL TERM
Topical term or geographic name entry element Rural poor
650 #0 - SUBJECT ADDED ENTRY--TOPICAL TERM
Topical term or geographic name entry element Economic assistance, Domestic
650 #0 - SUBJECT ADDED ENTRY--TOPICAL TERM
Topical term or geographic name entry element Small business
650 #0 - SUBJECT ADDED ENTRY--TOPICAL TERM
Topical term or geographic name entry element Public service employment
650 #0 - SUBJECT ADDED ENTRY--TOPICAL TERM
Topical term or geographic name entry element Rural development
942 ## - ADDED ENTRY ELEMENTS (KOHA)
Source of classification or shelving scheme
Koha item type Book
650 #0 - SUBJECT ADDED ENTRY--TOPICAL TERM
-- 81055
650 #0 - SUBJECT ADDED ENTRY--TOPICAL TERM
-- 81056
650 #0 - SUBJECT ADDED ENTRY--TOPICAL TERM
-- 81057
650 #0 - SUBJECT ADDED ENTRY--TOPICAL TERM
-- 81058
650 #0 - SUBJECT ADDED ENTRY--TOPICAL TERM
-- 81059
650 #0 - SUBJECT ADDED ENTRY--TOPICAL TERM
-- 81060
Holdings
Withdrawn status Lost status Source of classification or shelving scheme Damaged status Not for loan Permanent Location Current Location Date acquired Total Checkouts Full call number Barcode Date last seen Price effective from Koha item type
          Central Library (CL) Central Library (CL) 07/19/2021   339.46/095091734 ISL CL-566 09/18/2024 07/19/2021 Book
© 2023 Central Library, National University of Sciences and Technology. All Rights Reserved.